Kid A Tracklist (Radiohead) - Statistics

General Stats
  • This quiz has been taken 31 times
  • The average score is 8 of 11
Answer Stats
Hint Answer % Correct
2 Kid A
100%
1 Everything In It's Right Place
96%
8 Idioteque
92%
9 Morning Bell
85%
3 The National Anthem
85%
4 How To Disappear Completely
81%
7 In Limbo
65%
6 Optimistic
65%
5 Treefingers
65%
11 Untitled
58%
10 Motion Picture Sountrack
0%
No matching quizzes found
Score Distribution
Percent of People with Each Score
Percentile by Number Answered
Your Score History
You have not taken this quiz